Riadenie kvality v štátnej správe

Štátni úradníci by sa vo vzťahu k občanovi mali správať štandardným spôsobom, aby kvalita poskytovaných služieb bola všade približne na rovnakej úrovni. Úloha programu Riadenie kvality v štátnej správe. Štandardy kvality pre vybrané oblasti. Zameranie štandardov. Príklad tvorby štandardu.

Guardado en:
Detalles Bibliográficos
Autor principal: Bódi, Juraj
Otros Autores: Žubrietovská, Anna, Cingel, Alojz
Formato: Capítulo de libro
Lenguaje:eslovaco
Materias:
Etiquetas: Agregar Etiqueta
Sin Etiquetas, Sea el primero en etiquetar este registro!

MARC

LEADER 00000naa a2200000 4500
001 r038804
005 20230927091145.1
041 0 |a slo 
044 |a SK 
245 1 0 |a Riadenie kvality v štátnej správe  |c Juraj Bódi, Anna Žubrietovská, Alojz Cingel 
520 |a Štátni úradníci by sa vo vzťahu k občanovi mali správať štandardným spôsobom, aby kvalita poskytovaných služieb bola všade približne na rovnakej úrovni. Úloha programu Riadenie kvality v štátnej správe. Štandardy kvality pre vybrané oblasti. Zameranie štandardov. Príklad tvorby štandardu. 
610 2 0 |a riadenie 
610 2 0 |a správa štátna 
610 2 0 |a kvalita 
610 2 0 |a štandardy 
610 2 0 |a služby administratívne 
610 2 0 |a úrady 
610 2 0 |a občania 
100 1 |a Bódi, Juraj 
700 1 |a Žubrietovská, Anna 
700 1 |a Cingel, Alojz